书目信息 |
| 题名: |
双杠的技术与教学
|
|
| 作者: | 公有才 编著 | |
| 分册: | ||
| 出版信息: | 北京 人民体育出版社 1984 |
|
| 页数: | 82页 | |
| 开本: | 25cm | |
| 丛书名: | ||
| 单 册: | ||
| 中图分类: | G832.4 | |
| 科图分类: | ||
| 主题词: | 双杠项目-运动训练 , 运动训练-双杠项目 | |
| 电子资源: | ||
| ISBN: | ||
| 000 | 00662nam0 2200241 45 | |
| 001 | 0184003186 | |
| 005 | 20060518161636.32 | |
| 010 | @dCNY0.93 | |
| 091 | @a7015.2140 | |
| 100 | @a19950629d1984 emky0chiy0121 ea | |
| 101 | 0 | @achi |
| 102 | @aCN@b110000 | |
| 105 | @ay z 000yy | |
| 200 | 10 | @a双杠的技术与教学@Ashuang gang de ji shu yu jiao xue@f公有才编著@Fgong you cai bian zhu |
| 210 | @a北京@c人民体育出版社@d1984 | |
| 215 | @a82页@d25cm | |
| 606 | @a双杠项目-运动训练 | |
| 606 | @a运动训练-双杠项目 | |
| 690 | @aG832.4@v4 | |
| 701 | 0 | @a公有才@Agong you cai@4编著 |
| 801 | 2 | @aCN@bNLC@c20060518 |
| 801 | 0 | @aCN@bTSSF |
| 905 | @a10447@dG832.4@e10 | |
| 双杠的技术与教学/公有才编著.-北京:人民体育出版社,1984 |
| 82页;25cm |
| ISBN :CNY0.93 |
| ● |
| 相关链接 |
|
|
|
|
正题名:双杠的技术与教学
索取号:G832.4/10
 
预约/预借
| 序号 | 登录号 | 条形码 | 馆藏地/架位号 | 状态 | 备注 |
| 1 | 0137277 | 202343552 | 密集书库/ [索取号:G832.4/10] | 在馆 |